01493nam a22003617a 4500003000500000005001700005008004100022010001000063011001000073035001000083040000900093090001000102100003700112245011800149260004000267300001900307502010900326590003700435590004100472590004100513590004100554590004200595650003000637650003500667650003700702901000700739942000900746949004300755949005500798999001700853952013300870952012801003CHAP20220329141042.0971013s1997 r 00010 d a61905 a62877 a67053 cCHAP aTesis00aContreras Montes, Joél.927517 aEvaluación de dos proteínas hidrolizadas comerciales para la captura de Anastrepha obliqua M. en mango manila aChapingo, Méx. :bEl autor,c1997 a63 h.b: ilus. aTesis (Ing. Agr. Esp. en Parasitología Agrícola) -- UACH. Departamento de Parasitología Agrícola aALEPHb10c20130110lUCH01h1344 aBATCH-UPDb10c20130110lUCH01h0600 aBATCH-UPDb10c20130410lUCH01h0242 aBATCH-UPDb10c20130914lUCH01h0324 aCONVERSIONb10c20130109lUCH01h133314aAnastrepha obliqua.9548814aMangoxPlagasxControl.97044414aProteínas hidrolizadas.992458 aBK cFOLL bBCcTESd-152294eTS1h30922i67053si bBCcTESd33724000634895eTS2fc.2h30923i67053si c61905d61905 00102local4053708TESISaBCbBCcPA_TESISd2019-12-31fTESISl0p33724000634895r2019-12-31 00:00:00tc.2w2019-12-31yTESIS 00102local4051708TESISaBCbBCcPA_TESISd2019-12-31fTESISl0oTesisp-152294r2019-12-31 00:00:00w2019-12-31yTESIS